50 najlepszyczh tenisistek rankingu WTA - Statystyki

Ogólne statystyki
  • Ten quiz został rozwiązany 450 razy
  • Średni wynik to 16 z 50
Statystyki odpowiedzi
Hint Odpowiedź % Poprawnych
11 USA Serena Williams
86%
48 USA Venus Williams
84%
2 Rumunia Simona Halep
81%
1 Japonia Naomi Osaka
80%
5 Niemcy Angelique Kerber
66%
3 Czechy Petra Kvitova
66%
12 Dania Caroline Wozniacki
62%
4 Czechy Karolina Pliskova
62%
9 Australia Ashleigh Barty
51%
6 Ukraina Elina Svitolina
51%
29 Łotwa Jelena Ostapenko
50%
10 Białoruś Aryna Sabalenka
47%
19 Hiszpania Garbine Muguruza
46%
45 Wielka Brytania Johanna Konta
40%
7 Holandia Kiki Bertens
40%
20 Szwajcaria Belinda Bencic
38%
15 Estonia Anett Kontaveit
34%
43 Grecja Maria Sakkari
34%
14 USA Madison Keys
33%
8 USA Sloane Stephens
33%
18 Belgia Elise Mertens
32%
21 Francja Caroline Garcia
30%
42 Chiny Shuai Zhang
28%
16 Chiny Qiang Wang
26%
49 Chiny Saisai Zheng
26%
13 Łotwa Anastasija Sevastova
25%
22 Rosja Daria Kasatkina
25%
24 Tajwan Su-Wei Hsieh
24%
36 USA Sofia Kenin
23%
40 Chorwacja Petra Martic
22%
27 Hiszpania Carla Suarez Navarro
21%
25 Chorwacja Donna Vekic
21%
31 Włochy Camila Giorgi
20%
23 Kanada Bianca Vanessa Andreescu
19%
32 USA Danielle Rose Collins
18%
33 Słowacja Dominika Cibulkova
18%
28 Rosja Marija Szarapowa
18%
41 Czechy Katerina Siniakova
14%
17 Niemcy Julia Goerges
12%
39 Australia Ajla Tomljanovic
11%
38 Kazachstan Julia Putincewa
11%
46 Czechy Marketa Vondrousova
11%
35 Białoruś Aliaksandra Sasnowicz
9%
34 Rosja Anastazja Pawluczenkowa
9%
47 Czechy Barbora Strycova
9%
37 Ukraina Dajana Jastremska
9%
26 Ukraina Łesia Curenko
9%
50 USA Alison Riske
7%
44 Słowacja Viktoria Kuzmova
7%
30 Rumunia Mihaela Buzarnescu
5%
Nie znaleziono quizów pasujących do podanych kryteriów
Rozkład punktacji
Procent ludzi z każdym wynikiem
Percentyl według liczby udzielonych odpowiedzi
Twoja historia wyników
Nie rozwiązałeś tego quizu